000 00848nam a22002657a 4500
999 _c6334
_d6334
003 AR-CdUCM
008 190314b ||||| |||| 00| 0 spa d
020 _a968-16-2034-18
040 _aMUNICIPALIDAD PROVINCIAL DEL CUSCO
_cBIBLIOTECA MUNICIPAL DEL CUSCO
082 _a869.15 /
_bC93
100 _aCuesta, Jorge
_918112
245 _aAntología de la poesía mexicana moderna /
260 _aMéxico :
_bFondo de Cultura Económica,
_c1985
300 _a247 páginas ;
_c21 cm.
505 _aContenido : Antología de poesía mexicana
650 _aPoesía mexicana
_91505
650 _aAntología
_9142
650 _aPoemas
_9315
650 _aLiteratura
_9416
700 _aManuel José Othón
_918113
700 _aSalvador Díaz Mirón
_918114
700 _aFrancisco A. de Icaza
_918115
942 _2ddc
_cLIBROS
945 _admma